All Teams That Have Won A EPL - Statistics

General Stats
  • This quiz has been taken 22 times
  • The average score is 17 of 24
Answer Stats
Hint Answer % Correct
13 EPL Arsenal
100%
6 EPL Chelsea
100%
20 EPL Liverpool
100%
10 EPL Manchester City
100%
20 EPL Manchester United
100%
2 EPL Tottenham Hotspur
100%
7 EPL Aston Villa
95%
3 EPL Blackburn Rovers
89%
9 EPL Everton
89%
1 EPL Leicester City
89%
1 EPL Nottingham Forest
79%
4 EPL Newcastle United
74%
3 EPL Leeds United
68%
3 EPL Wolverhampton Wanderers
68%
1 EPL Sheffield United
58%
4 EPL Sheffield Wednesday
58%
6 EPL Sunderland
53%
1 EPL Ipswich Town
42%
2 EPL Preston North End
42%
1 EPL West Bromwich Albion
42%
3 EPL Huddersfield Town
37%
2 EPL Portsmouth
37%
2 EPL Derby County
32%
2 EPL Burley
5%
No matching quizzes found
Score Distribution
Percent of People with Each Score
Percentile by Number Answered
Your Score History
You have not taken this quiz